Civil procedure: a practical approach. (Record no. 6063)
[ view plain ]
| 000 -LEADER | |
|---|---|
| fixed length control field | 00378nam a2200145 4500 |
| 020 ## - INTERNATIONAL STANDARD BOOK NUMBER | |
| ISBN | 9789988159610 |
| 050 ## - CALL NUMBER | |
| Classification number | KRX3570 |
| Item number | .T29 |
| 100 ## - AUTHOR | |
| Personal name | Tetteh, S. Kwami |
| 245 ## - TITLE | |
| Title | Civil procedure: a practical approach. |
| Statement of responsibility, etc | by S. Kwami Tetteh |
| 260 ## - PUBLICATION INFORMATION | |
| Place of publication | Accra |
| Name of publisher | S. Kwami Tetteh |
| Year of publication | 2011 |
| 300 ## - DESCRIPTION | |
| Number of Pages | 1152p. |
| 500 ## - NOTES | |
| General note | includes index |
| 650 ## - SUBJECTS | |
| Topical Term | Civil procedure |
| General subdivision | Ghana |
| 942 ## - ADDED ENTRY ELEMENTS (KOHA) | |
| Koha item type | Books |
| Withdrawn status | Lost status | Collection code | Home library | Current library | Shelving location | Date acquired | Full call number | Accession Number | Koha item type |
|---|---|---|---|---|---|---|---|---|---|
| Reference | Methodist University Law Library | Methodist University Law Library | General Stacks | 28/08/2019 | KRX3570 .T29 | 8003 | Books |